000 01058nam a22003137a 4500
003 CHAP
005 20220329143532.0
008 100420s2004 mx a r 00010 spa d
010 _a98181
011 _a99153
020 _a9680177059
035 _a109838
040 _cCHAP
082 1 4 _a574.52636
_bM98
245 0 0 _aDiagnóstico ambiental del Golfo de México
_c/compiladores Margarita Caso, Irene Pisanty y Exequiel Ezcurra
260 _aMéxico, D. F. :
_bSEMARNAT,
_c2004
300 _a626 p. :
_bilus.
590 _aBATCH-UPD
_b10
_c20130110
_lUCH01
_h1200
590 _aBATCH-UPD
_b10
_c20130410
_lUCH01
_h0742
590 _aBATCH-UPD
_b10
_c20130914
_lUCH01
_h0855
590 _aCONVERSION
_b10
_c20130109
_lUCH01
_h1354
650 0 4 _aMedio ambiente
_xPreservación.
_974105
650 0 4 _aMedio ambiente
_xProtección
_zMéxico.
_974111
650 1 4 _aMedio ambiente
_xConservación.
_974068
700 1 _aCaso, Margarita
_919848
901 _aBK
942 _cLIBRO
949 _a574.52636 M98
_bBC
_cLIBRO
_d33724002166637
_eLIBRO
_gI.c/e
_h112318
_i109838
_sb
999 _c98181
_d98181